1827 1394 1284 1093 1760 1116 1957 1810 1976 1548 1988 1769 1496 1215 1852 1062 1595 1584 1803 1308 1754 1100 1397 1295 1999 1019 1205 1120 1318 1754 1455 1849 1273 1930 1110 1638 1662 1574 1649 1431 1713 1632 1238 1619 1087 1727 1188 1593 1008 1537 1761 1983 1914 1481 1425 1208 1363 1054 1592 1158 1045 1222 1461 1695 1338 1588 1406 1521 1126 1882 1915 1689 1930 1879 1416 1201 1923 1694 1239 1854 1620 1676 1012 1346 1199 1691 1318 1391 1122 1770 1307 1999 1395 1614 1080 1212 1909 1727 1085 BCNSPRNW ULIB Ver.6.0+V

เปลี่ยนเป็นภาษาไทย

Change to English
 แสดงรายละเอียดบรรณานุกรม
  กลับหน้าหลัก

Brief Record : Get Marc (ISO 2709) : E-mail record : QR code < ปิดหน้าต่าง
LEADER : 00000nam 2200000uu 4500
001    13399111816
003     ULIB
008    110708s2545||||th 000 0 tha d
020    9747383292
050  4 DS578^bว731ช 2545
100 0  วิไลเลขา ถาวรธนสาร
245 10 ชนชั้นนำไทยกับการรับวัฒนธรรมตะวันตก /^cวิไลเลขา ถาวรธนสาร
250    พิมพ์ครั้งที่ 1
260    กรุงเทพฯ :^bเมืองโบราณ,^c2545
300    160 หน้า :^bภาพประกอบ ;^c24 ซม.
650  4 การเปลี่ยนแปลงทางสังคม
650  4 ชนชั้นสูง^zไทย
650  4 วัฒนธรรมไทย
651  7 ไทย^xความเป็นอยู่และประเพณี
651  7 ไทย^xประวัติศาสตร์^yกรุงรัตนโกสินทร์
945    ^p140^l0^i015973
995    ทศพร
999 ^a ใช้งานได้ทุกระบบ
รายการนี้ยังไม่มีแท็ก
คุณยังไม่ได้ล็อกอิน คุณสามารถมีกิจกรรมร่วมกับเว็บไซต์ได้ แต่ต้องล็อกอินก่อน ::
  ล็อกอิน

รายการสื่อสารสนเทศ

ลำดับที่ ประเภท เลขเรียก/บาร์โค้ด สถานที่ สถานะ
- ไม่พบข้อมูล -

รายการใกล้เคียง
    หัวเรื่อง [การเปลี่ยนแปลงทางสังคม]
    หัวเรื่อง [วัฒนธรรมไทย]

BibComment


ยังไม่เคยถูกคอมเมนท์

คอมเมนท์ทรัพยากรรายการนี้
  คอมเมนท์: ชนชั้นนำไทยกับการ..


 Copyright 2026. Bcnsprnw @Library